Al-Adabul Arabic Bayan Ard-O-Naqd (Record no. 3956)

MARC details
000 -LEADER
fixed length control field 00648nam a2200241 a 4500
020 ## - INTERNATIONAL STANDARD BOOK NUMBER
ISBN
082 00 - DEWEY DECIMAL CLASSIFICATION NUMBER
Classification number 892.7209
Author Cutter NAD
100 ## - MAIN ENTRY--AUTHOR NAME
Author name Nadvi, Mohdur Rabi Al Hasni
245 ## - TITLE STATEMENT
Title Al-Adabul Arabic Bayan Ard-O-Naqd
260 ## - PUBLICATION, DISTRIBUTION, ETC. (IMPRINT)
Place of publication Lucknow
Name of publisher Maktaba Darul Uloom Nadwatul Ulama
Year of publication 1972
300 ## - PHYSICAL DESCRIPTION
Number of Pages 184p
500 ## - GENERAL NOTE
General note includes index and biblioraphy
505 2# - FORMATTED CONTENTS NOTE
Formatted contents note 3 Part Bound in One
650 ## - SUBJECT ADDED ENTRY--TOPICAL TERM
Topical Term Persian Literature-History
942 ## - ADDED ENTRY ELEMENTS (KOHA)
Koha item type Books
700 1# -
-- Nadvi, Mohdur Rabi Al Hasni
Holdings
Collection code Home library Current library Date acquired Cost, normal purchase price Full call number Accession Number Koha item type
  Henry Martyn Institute Library Henry Martyn Institute Library 06/04/2007 100.00 892.7209 NAD 07728 Books
                   Copyright © 2026 | Henry Martyn Institute | Hyderabad | TS-500052 | INDIA | Implemented by hmi.edu.in
Hit-Count:

Powered by Koha